Gewalt gegen Kinder

Saved in:  
Bibliographic Details
Main Author: Müther, Josef (Author)
Format: Print Article
Language:German
Published: 1991
In: Kriminalistik
Year: 1991, Volume: 45, Issue: 7, Pages: 447-453
Check availability: HBZ Gateway
Keywords:

MARC

LEADER 00000caa a22000002c 4500
001 164020086X
003 DE-627
005 20220608131351.0
007 tu
008 160223s1991 xx ||||| 00| ||ger c
035 |a (DE-627)164020086X 
035 |a (DE-576)45608102X 
035 |a (DE-599)BSZ45608102X 
040 |a DE-627  |b ger  |c DE-627  |e rakwb 
041 |a ger 
100 1 |a Müther, Josef  |4 aut 
245 1 0 |a Gewalt gegen Kinder  |c Josef Müther 
264 1 |c 1991 
336 |a Text  |b txt  |2 rdacontent 
337 |a ohne Hilfsmittel zu benutzen  |b n  |2 rdamedia 
338 |a Band  |b nc  |2 rdacarrier 
773 0 8 |i In  |t Kriminalistik  |d Heidelberg : C.F. Müller GmbH, Kriminalistik, 1949  |g 45(1991), 7, Seite 447-453  |w (DE-627)129489522  |w (DE-600)205902-2  |w (DE-576)014883163  |x 0023-4699  |7 nnas 
773 1 8 |g volume:45  |g year:1991  |g number:7  |g pages:447-453 
935 |a mkri 
951 |a AR 
ELC |b 1 
LOK |0 000 xxxxxcx a22 zn 4500 
LOK |0 001 3301632025 
LOK |0 003 DE-627 
LOK |0 004 164020086X 
LOK |0 005 20251001122453 
LOK |0 008 160208||||||||||||||||ger||||||| 
LOK |0 040   |a DE-21-110  |c DE-627  |d DE-21-110 
LOK |0 689   |a s  |a Kinder 
LOK |0 689   |a s  |a Opfer 
LOK |0 689   |a s  |a Kindesmisshandlung 
LOK |0 852   |a DE-21-110 
LOK |0 852 1  |m p  |9 00 
LOK |0 935   |a k110 
LOK |0 938   |k p 
LOK |0 939   |a 08-02-16  |b l01 
ORI |a SA-MARC-krimdoka001.raw